Natural rubber supply in Sri Lanka: Analysis and projections using vintage approach (Record no. 63643)

MARC details
000 -LEADER
fixed length control field 00499nam a2200121Ia 4500
100 ## - MAIN ENTRY--AUTHOR NAME
Personal name Smith H P
245 #0 - TITLE STATEMENT
Title Natural rubber supply in Sri Lanka: Analysis and projections using vintage approach
260 ## - PUBLICATION, DISTRIBUTION, ETC. (IMPRINT)
Name of publisher Proceedings of the International Rubber Conference, Colombo, 1984, V1. Part 1; p19-46Proceedings of the International Rubber Conference, Colombo, 1984, V1. Part 2; p597-623
650 ## - SUBJECT ADDED ENTRY--TOPICAL TERM
Topical Term Natural rubber
650 ## - SUBJECT ADDED ENTRY--TOPICAL TERM
Topical Term Sri Lanka
942 ## - ADDED ENTRY ELEMENTS (KOHA)
Koha item type Journals
Holdings
Withdrawn status Lost status Damaged status Not for loan Home library Current library Shelving location Date acquired Koha item type
      Journals RRII Library RRII Library Agricultural economics 17/12/2021 Journals